000
00323nam a22001097a 4500
082
_a
500
100
_a
मुखर्जी सिद्धार्थ
_9
79911
245
_a
सामान्य विज्ञान
260
_a
Meerut
_b
Arihant Pub
_c
2020
650
_a
विज्ञान
_9
79912
942
_c
BK
999
_c
63454
_d
63454